000 00543nam a22001937a 4500
003 0
005 20231205102851.0
008 231205b xxu||||| |||| 00| 0 eng d
020 _a978-971-518-393-2
050 _aCL
_bHug895 2010
082 _aCL
_bHug895 2010
100 _aHugo, Victor
245 _aLes Miserables
_cVictor Hugo
260 _aQuezon City
_bLampara Publishing House
_cc2010.
300 _a127 pages :
_bcolored illustrations ;
_c20cm.
504 _aIncludes glossary.
650 _aClassic stories.
942 _2ddc
_cBK
999 _c365711
_d365711